| 000 | 00351nam a2200121Ia 4500 | ||
|---|---|---|---|
| 008 | 230907s9999||||xx |||||||||||||| ||und|| | ||
| 082 |
_a629.13238 _bHIL |
||
| 100 |
_aHill, Philip _983855 |
||
| 245 | 0 | _aMechanics and thermodynamics of propulsion / | |
| 260 |
_aDorling Kindersley India Pvt. Ltd., _bNoida : _c2010 |
||
| 300 | _axi, 754 p. | ||
| 942 | _cBK | ||
| 999 |
_c598154 _d598154 |
||